Mạch khuếch đại vi sai
Gardado en:
| Autor Principal: | |
|---|---|
| Formato: | Libro |
| Idioma: | Undetermined |
| Publicado: |
Cần Thơ
Viện Đại Học Cần Thơ - Đại Học Khoa Học - Ban Khoa Học ứng Dụng
1972
|
| Những chủ đề: | |
| Các nhãn: |
Engadir etiqueta
Sen Etiquetas, Sexa o primeiro en etiquetar este rexistro!
|
| Thư viện lưu trữ: | Trung tâm Học liệu Trường Đại học Cần Thơ |
|---|
| LEADER | 00640nam a2200181Ia 4500 | ||
|---|---|---|---|
| 001 | CTU_33850 | ||
| 008 | 210402s9999 xx 000 0 und d | ||
| 082 | |a 621.381 | ||
| 082 | |b Tr513 | ||
| 100 | |a Trần Hiếu Trung | ||
| 245 | 0 | |a Mạch khuếch đại vi sai | |
| 245 | 0 | |c Trần Hiếu Trung, Võ Thị Yến | |
| 260 | |a Cần Thơ | ||
| 260 | |b Viện Đại Học Cần Thơ - Đại Học Khoa Học - Ban Khoa Học ứng Dụng | ||
| 260 | |c 1972 | ||
| 650 | |a electric circuits,electronics,semiconductors,transistor | ||
| 904 | |i Minh, 991112 | ||
| 980 | |a Trung tâm Học liệu Trường Đại học Cần Thơ | ||